000 00472nam a2200169Ia 4500
003 OSt
005 20260318104659.0
008 211028s2017 xx 000 0 und d
040 _cAIMIT LIBRARY
041 _aeng
100 _aShanoob, K V; Srinivas.
_g141737
_94837
110 _aMithun D'Souza
_94838
245 _aSecure data self-destructing scheme in cloud computing /
260 _aKerala
_c2017
710 _aKakunje Software Pvt. Ltd.
_94839
942 _2ddc
_cPRO
999 _c217705
_d217705